00407nam a2200157Ia 4500008004100000020001800041041000800059082001500067100001700082245007800099250001200177260001900189300000800208365001600216700001700232230718s9999 xx 000 0 und d a9780849319587 aeng a005.8bPEL aPeltier T.R. aInformation Security Policies And Procedures bA Practitioner's Reference a2nd ed. c2010bAuerbach a384 cRs.b895.00 aPeltier T.R.